| 000 | 00409cam a2200157ua 4500 | ||
|---|---|---|---|
| 003 | OSt | ||
| 008 | 240203b |||||||| |||| 00| 0 eng d | ||
| 041 | _aeng | ||
| 082 |
_a658.001 _bRAM/MB |
||
| 100 |
_aRamasamy, E.S . _95815 |
||
| 245 | _aMBA Entrance examination / | ||
| 260 |
_aMadras : _bSura college of competition , _c2008. |
||
| 300 | _a ; . | ||
| 650 |
_aMBA entrance exam guide _95814 |
||
| 942 | _cBK | ||
| 999 |
_c13544 _d13544 |
||